Výsledky cenových kontrol ukazujú potrebu novelizovať zákon Pomer voľných a regulovaných cien by sa nemal meniť

Výsledky zo 476 cenových previerok, ktoré v r.1993 uskutočnili Správy finančných kontrol Ministerstva financií SR. Prehľad niektorých kontrolovaných subjektov a výšky uloženej pokuty za porušenie cenových predpisov.

Salvato in:
Dettagli Bibliografici
Autore principale: Bónová, E.
Altri autori: Matloň, Igor
Natura: Capitolo di libro
Lingua:slovacco
Soggetti:
Tags: Aggiungi Tag
Nessun Tag, puoi essere il primo ad aggiungerne!!

MARC

LEADER 00000naa a2200000 4500
001 r014656
005 20221205091427.9
041 0 |a slo 
044 |a SK 
245 1 0 |a Výsledky cenových kontrol ukazujú potrebu novelizovať zákon  |b Pomer voľných a regulovaných cien by sa nemal meniť  |c E. Bónová, Igor Matloň 
520 |a Výsledky zo 476 cenových previerok, ktoré v r.1993 uskutočnili Správy finančných kontrol Ministerstva financií SR. Prehľad niektorých kontrolovaných subjektov a výšky uloženej pokuty za porušenie cenových predpisov. 
610 2 0 |a kontrola cenová 
610 2 0 |a Slovensko 
610 2 0 |a 1993 
610 2 0 |a pokuty 
610 2 0 |a ceny voľné 
610 2 0 |a regulácia cenová 
610 2 0 |a ceny 
100 1 |a Bónová, E. 
700 1 |a Matloň, Igor